[Event "BL 0405 OSC Baden Baden - SG Köln Porz"]
[Site "?"]
[Date "2005.04.10"]
[Round "15.7"]
[White "Graf, Alexander"]
[Black "Dautov, Rustem"]
[Result "1/2-1/2"]
[WhiteElo "2646"]
[BlackElo "2623"]
[PlyCount "56"]
[EventDate "2005.??.??"]

1. d4 Nf6 2. c4 c6 3. Nc3 d5 4. Nf3 a6 5. h3 e6 6. cxd5 cxd5 7. Bf4 Bd6 8. Bxd6
Qxd6 9. e3 Nc6 10. Bd3 b5 11. Rc1 Bb7 12. O-O O-O 13. Ne2 Rac8 14. Nf4 h6 15.
Be2 Nd7 16. Qd2 b4 17. Nd3 a5 18. Nc5 Nxc5 19. Rxc5 e5 20. Rb5 Ba6 21. dxe5 Qe6
22. Rb6 Bxe2 23. Nd4 Qxe5 24. Nxc6 Qc7 25. Qxe2 Qxb6 26. Ne7+ Kh8 27. Nxc8 Rxc8
28. Qd2 Qe6 1/2-1/2

[Event "BL 0405 SF Katernberg - Stuttgarter Sfr"]
[Site "?"]
[Date "2005.04.10"]
[Round "15.1"]
[White "Oral, Tomas"]
[Black "Chuchelov, Vladimir"]
[Result "1/2-1/2"]
[WhiteElo "2565"]
[BlackElo "2571"]
[PlyCount "53"]
[EventDate "2005.??.??"]

1. e4 c5 2. Nf3 e6 3. b3 a6 4. Bb2 d6 5. d4 cxd4 6. Nxd4 Nf6 7. Bd3 Nbd7 8. c4
g6 9. Nc3 Bg7 10. O-O O-O 11. Bc2 Re8 12. Qd2 b6 13. Rad1 Bb7 14. Rfe1 Rc8 15.
Nf3 Bf8 16. Bb1 Qc7 17. Qf4 Nh5 18. Qd2 Nhf6 19. h3 Qb8 20. Qf4 Nh5 21. Qd2 Ba8
22. Nh2 Nhf6 23. Qe2 Bc6 24. a4 Bg7 25. Nf3 Nc5 26. Nd4 Ba8 27. Bc2 1/2-1/2

[Event "BL 0405 SF Katernberg - Stuttgarter Sfr"]
[Site "?"]
[Date "2005.04.10"]
[Round "15.2"]
[White "L'Ami, Erwin"]
[Black "Sedlak, Nikola"]
[Result "1/2-1/2"]
[WhiteElo "2516"]
[BlackElo "2521"]
[PlyCount "39"]
[EventDate "2005.??.??"]

1. d4 d5 2. c4 c6 3. Nf3 Nf6 4. Nc3 dxc4 5. a4 Bf5 6. e3 e6 7. Bxc4 Bb4 8. O-O
Nbd7 9. Qe2 Bg4 10. h3 Bxf3 11. Qxf3 O-O 12. Rd1 Rc8 13. e4 e5 14. d5 Bxc3 15.
bxc3 cxd5 16. Bxd5 Nxd5 17. Rxd5 Qc7 18. Be3 Nb6 19. Rc5 Qb8 20. Rd1 1/2-1/2

[Event "BL 0405 SF Katernberg - Stuttgarter Sfr"]
[Site "?"]
[Date "2005.04.10"]
[Round "15.3"]
[White "Reuss, Andreas"]
[Black "Senff, Martin"]
[Result "1/2-1/2"]
[WhiteElo "2356"]
[BlackElo "2430"]
[PlyCount "86"]
[EventDate "2005.??.??"]

1. d4 d5 2. Nf3 Nf6 3. Bf4 c5 4. e3 Nc6 5. c3 Qb6 6. Qb3 c4 7. Qxb6 axb6 8. Be2
Bf5 9. O-O e6 10. Nbd2 h6 11. h3 b5 12. a3 Nd7 13. Bh2 Nb6 14. Ne1 b4 15. cxb4
Bxb4 16. Nef3 Be7 17. Rfc1 O-O 18. Ne5 Nxe5 19. Bxe5 Rfc8 20. e4 Bxe4 21. Nxe4
dxe4 22. Rc2 Bf6 23. Rac1 Bxe5 24. dxe5 Ra4 25. Rc3 Rc5 26. R1c2 Kf8 27. Re3
Rxe5 28. f4 Rc5 29. Rxe4 c3 30. Rxa4 Nxa4 31. b3 Nb6 32. Kf2 Nd5 33. g3 Ke7 34.
Bf3 Kd6 35. Ke2 b5 36. h4 Rc7 37. Kd3 Ra7 38. Bxd5 exd5 39. Kxc3 Rxa3 40. Kb4
Ra1 41. Kxb5 d4 42. Kc4 Rg1 43. Rd2 Rxg3 1/2-1/2

[Event "BL 0405 SF Katernberg - Stuttgarter Sfr"]
[Site "?"]
[Date "2005.04.10"]
[Round "15.4"]
[White "Thesing, Matthias"]
[Black "Vujic, Branimir"]
[Result "1-0"]
[WhiteElo "2420"]
[BlackElo "2360"]
[PlyCount "77"]
[EventDate "2005.??.??"]

1. e4 d5 2. exd5 Nf6 3. d4 Nxd5 4. Be2 Bf5 5. Nf3 e6 6. O-O Nc6 7. c3 Be7 8.
Nbd2 O-O 9. Nc4 a6 10. a4 Bf6 11. Re1 h6 12. Bf1 Bg4 13. h3 Bh5 14. a5 Qd7 15.
Bd3 Nde7 16. Nfe5 Nxe5 17. Nxe5 Bxe5 18. Qxh5 Bf6 19. Qf3 Nd5 20. Qe4 Rfb8 21.
Qh7+ Kf8 22. b3 Ke7 23. Ba3+ Kd8 24. c4 Ne7 25. Rad1 Bxd4 26. Be4 c6 27. Bc5
Bxc5 28. Rxd7+ Kxd7 29. Qxg7 Rg8 30. Rd1+ Ke8 31. Qe5 Rg5 32. Qc7 f5 33. Qxb7
Ra7 34. Qb8+ Kf7 35. Bf3 Rg8 36. Qe5 Bb4 37. Bh5+ Ng6 38. c5 Bxa5 39. g4 1-0

[Event "BL 0405 SF Katernberg - Stuttgarter Sfr"]
[Site "?"]
[Date "2005.04.10"]
[Round "15.7"]
[White "Schmid, Wolfgang"]
[Black "Siebrecht, Sebastian"]
[Result "0-1"]
[WhiteElo "2236"]
[BlackElo "2366"]
[PlyCount "66"]
[EventDate "2005.??.??"]

1. e4 c5 2. Nf3 e6 3. d4 cxd4 4. Nxd4 a6 5. Nc3 b5 6. Bd3 Bb7 7. Qe2 Qc7 8. O-O
Bd6 9. h3 Nf6 10. a3 Nc6 11. Nxc6 dxc6 12. a4 O-O 13. Nd1 Nd7 14. c4 Ne5 15. b3
Rfd8 16. Bc2 Ng6 17. Bb2 Bh2+ 18. Kh1 Be5 19. Rb1 Rd7 20. Qe1 Rad8 21. Bc3 Bd4
22. Rc1 bxc4 23. bxc4 Qe5 24. Bxd4 Rxd4 25. Qb4 R8d7 26. Ne3 c5 27. Qa5 Nf4 28.
Rcd1 h5 29. Rxd4 Rxd4 30. Qb6 Bxe4 31. Bxe4 Qxe4 32. Qxc5 Rd3 33. Rg1 Nxh3 0-1

[Event "BL 0405 SF Katernberg - Stuttgarter Sfr"]
[Site "?"]
[Date "2005.04.10"]
[Round "15.8"]
[White "Rosen, Bernd"]
[Black "Migl, Dieter"]
[Result "1/2-1/2"]
[WhiteElo "2301"]
[BlackElo "2198"]
[PlyCount "46"]
[EventDate "2005.??.??"]

1. c4 e6 2. Nf3 Nf6 3. g3 d5 4. Bg2 Be7 5. O-O O-O 6. d4 c5 7. cxd5 exd5 8.
dxc5 Bxc5 9. Qc2 Bb6 10. Nc3 h6 11. Rd1 Nc6 12. Na4 Re8 13. h3 Bd7 14. Nxb6
Qxb6 15. Be3 Rxe3 16. fxe3 Qxe3+ 17. Kh2 Re8 18. Qd2 Qxe2 19. Re1 Qc4 20. Rxe8+
Bxe8 21. b3 Qc5 22. Rd1 Bd7 23. Nd4 Nxd4 1/2-1/2

[Event "BL 0405 SV Mülheim Nord - TV Tegernsee"]
[Site "?"]
[Date "2005.04.10"]
[Round "15.1"]
[White "Khenkin, Igor"]
[Black "Landa, Konstantin"]
[Result "1/2-1/2"]
[WhiteElo "2587"]
[BlackElo "2571"]
[PlyCount "51"]
[EventDate "2005.??.??"]

1. d4 Nf6 2. c4 e6 3. Nf3 d5 4. Nc3 Bb4 5. Bg5 h6 6. Bxf6 Qxf6 7. e3 O-O 8. Qb3
c5 9. cxd5 exd5 10. dxc5 Bxc3+ 11. Qxc3 Qxc3+ 12. bxc3 Nd7 13. Rd1 Nxc5 14.
Rxd5 b6 15. Rd4 Be6 16. Bc4 Bxc4 17. Rxc4 Rfc8 18. Nd2 b5 19. Rd4 Ne6 20. Rd3
Nc5 21. Rd5 Na4 22. Rxb5 Nxc3 23. Rb2 Nxa2 24. O-O Nc3 25. Ra1 a5 26. g3
1/2-1/2

[Event "BL 0405 SV Mülheim Nord - TV Tegernsee"]
[Site "?"]
[Date "2005.04.10"]
[Round "15.3"]
[White "Bischoff, Klaus"]
[Black "Schebler, Gerhard"]
[Result "1/2-1/2"]
[WhiteElo "2559"]
[BlackElo "2496"]
[PlyCount "37"]
[EventDate "2005.??.??"]

1. Nf3 Nf6 2. c4 g6 3. Nc3 Bg7 4. e4 d6 5. d4 O-O 6. Be2 e5 7. O-O Nc6 8. d5
Ne7 9. Ne1 Nd7 10. f3 f5 11. Be3 f4 12. Bf2 g5 13. a4 a5 14. Nd3 b6 15. b4 axb4
16. Nb5 Nc5 17. Be1 g4 18. Nxb4 h5 19. Ra3 1/2-1/2

[Event "BL 0405 SV Mülheim Nord - TV Tegernsee"]
[Site "?"]
[Date "2005.04.10"]
[Round "15.4"]
[White "Lytchak, Alexander Dr"]
[Black "Boensch, Uwe"]
[Result "0-1"]
[WhiteElo "2436"]
[BlackElo "2540"]
[PlyCount "73"]
[EventDate "2005.??.??"]

1. d4 Nf6 2. c4 e6 3. Nc3 d5 4. cxd5 exd5 5. Bg5 c6 6. Qc2 Be7 7. e3 Nbd7 8.
Bd3 O-O 9. Nf3 Re8 10. O-O Nf8 11. h3 Be6 12. Rab1 N6d7 13. Bf4 Nb6 14. Na4
Nxa4 15. Qxa4 Bd6 16. Bxd6 Qxd6 17. b4 a6 18. Qc2 g6 19. a4 Nd7 20. Rfc1 Rac8
21. Qc3 Qe7 22. Nd2 Qg5 23. Kf1 Qf6 24. Kg1 Kg7 25. Nb3 Qg5 26. Kf1 Bf5 27. Na5
Rc7 28. Bxf5 Qxf5 29. b5 axb5 30. axb5 Nf6 31. Kg1 Ra8 32. bxc6 Ne4 33. Qe1
bxc6 34. Rb2 c5 35. dxc5 Nxc5 36. Qb4 Qf6 37. Qc3 0-1

[Event "BL 0405 SV Mülheim Nord - TV Tegernsee"]
[Site "?"]
[Date "2005.04.10"]
[Round "15.5"]
[White "Kindermann, Stefan"]
[Black "Wegener, Olaf"]
[Result "1-0"]
[WhiteElo "2536"]
[BlackElo "2417"]
[PlyCount "69"]
[EventDate "2005.??.??"]

1. e4 c5 2. Nf3 d6 3. d4 cxd4 4. Nxd4 Nf6 5. Nc3 a6 6. f4 e5 7. Nf3 Nbd7 8. a4
Qc7 9. Bd3 Be7 10. O-O O-O 11. Kh1 Nc5 12. Qe1 Bg4 13. Qg3 exf4 14. Bxf4 Bh5
15. Nh4 Bg6 16. Nxg6 hxg6 17. Qf3 Qc6 18. a5 Rae8 19. Rad1 Na4 20. Nxa4 Qxa4
21. Bd2 Nd7 22. b3 Qc6 23. Bf4 Bf6 24. Bc4 Ne5 25. Bxe5 Rxe5 26. Bd5 Qxc2 27.
Rc1 Qd2 28. Rc7 Qxa5 29. Rxb7 Qd8 30. Qg4 g5 31. Qe2 a5 32. Ra7 Re7 33. Ra6 Bc3
34. Qh5 Qc7 35. Rc6 1-0

[Event "BL 0405 SV Mülheim Nord - TV Tegernsee"]
[Site "?"]
[Date "2005.04.10"]
[Round "15.6"]
[White "Sielecki, Christof"]
[Black "Hertneck, Gerald"]
[Result "1/2-1/2"]
[WhiteElo "2375"]
[BlackElo "2552"]
[PlyCount "76"]
[EventDate "2005.??.??"]

1. d4 Nf6 2. Nf3 e6 3. c4 Bb4+ 4. Bd2 Qe7 5. g3 Nc6 6. Bg2 Bxd2+ 7. Nbxd2 d6 8.
Nf1 e5 9. Ne3 O-O 10. O-O a5 11. Nd5 Nxd5 12. cxd5 Nb4 13. dxe5 dxe5 14. a3 Na6
15. Nd2 f5 16. Nc4 e4 17. Nxa5 Rd8 18. b4 c6 19. Qb3 Rxd5 20. f3 Be6 21. Qe3
exf3 22. exf3 Qd7 23. Rfe1 Re8 24. Bf1 b5 25. Rac1 Nb8 26. Nb3 Bf7 27. Qc3 Qa7+
28. Nc5 Rxe1 29. Rxe1 Na6 30. Re5 Nxc5 31. bxc5 h6 32. Rxd5 Bxd5 33. Kf2 Qe7
34. Qd4 Qe6 35. Bd3 Kf7 36. Qf4 g6 37. Qc7+ Kf6 38. Qd8+ Kg7 1/2-1/2

[Event "BL 0405 SV Mülheim Nord - TV Tegernsee"]
[Site "?"]
[Date "2005.04.10"]
[Round "15.7"]
[White "Stangl, Markus"]
[Black "Kaid, Almar"]
[Result "1-0"]
[WhiteElo "2478"]
[BlackElo "2275"]
[PlyCount "91"]
[EventDate "2005.??.??"]

1. Nf3 Nf6 2. c4 e6 3. g3 d5 4. Bg2 dxc4 5. Qa4+ c6 6. Qxc4 b5 7. Qc2 Bb7 8.
O-O Nbd7 9. a4 a6 10. d3 c5 11. Nc3 Qb6 12. axb5 axb5 13. Rxa8+ Bxa8 14. Qb3
Bc6 15. Nd2 Bxg2 16. Kxg2 b4 17. Nce4 Be7 18. Nxf6+ Bxf6 19. Ne4 Be7 20. Be3
O-O 21. Rc1 Ra8 22. Qc4 Ra5 23. Nd2 Qb7+ 24. f3 Nb6 25. Qe4 Qxe4 26. Nxe4 Nd7
27. d4 cxd4 28. Rc8+ Nf8 29. Bxd4 f6 30. Bc5 Bxc5 31. Nxc5 Kf7 32. Rc7+ Kg6 33.
Nd3 Rb5 34. f4 h5 35. Kf3 e5 36. e4 Kh6 37. f5 g6 38. h4 Rb8 39. Ke3 gxf5 40.
exf5 Rd8 41. Rb7 Rd6 42. Nc5 Rd4 43. Rf7 Nh7 44. Ne4 Rc4 45. Rb7 Rd4 46. b3 1-0

[Event "BL 0405 SV Mülheim Nord - TV Tegernsee"]
[Site "?"]
[Date "2005.04.10"]
[Round "15.8"]
[White "Becker, Marcel"]
[Black "Bromberger, Stefan"]
[Result "0-1"]
[WhiteElo "2304"]
[BlackElo "2440"]
[PlyCount "58"]
[EventDate "2005.??.??"]

1. d4 Nf6 2. c4 g6 3. Nc3 Bg7 4. e4 d6 5. f4 c5 6. d5 e6 7. Nf3 exd5 8. cxd5
O-O 9. Be2 Bg4 10. O-O Bxf3 11. Bxf3 Nbd7 12. Re1 Ne8 13. Re2 Nc7 14. a4 Re8
15. Qe1 a6 16. a5 Nb5 17. Nxb5 axb5 18. Kh1 b4 19. e5 dxe5 20. d6 Rxa5 21. Rxa5
Qxa5 22. fxe5 Rxe5 23. Rxe5 Bxe5 24. Bg4 f5 25. Bf3 Qa6 26. Bd5+ Kf8 27. Bh6+
Ke8 28. Bg8 Qxd6 29. Bxh7 Kf7 0-1

[Event "BL 0405 Hamburger SK - SC Kreuzberg"]
[Site "?"]
[Date "2005.04.09"]
[Round "14.1"]
[White "Nisipeanu, Liviu-Dieter"]
[Black "Gustafsson, Jan"]
[Result "1/2-1/2"]
[WhiteElo "2687"]
[BlackElo "2603"]
[PlyCount "71"]
[EventDate "2005.??.??"]

1. e4 e5 2. Nf3 Nc6 3. Bb5 a6 4. Ba4 Nf6 5. O-O Be7 6. Re1 b5 7. Bb3 O-O 8. c3
d5 9. exd5 Nxd5 10. Nxe5 Nxe5 11. Rxe5 c6 12. Re1 Bd6 13. g3 Bh3 14. d3 Kh8 15.
Bxd5 cxd5 16. Qh5 Be6 17. Be3 Qd7 18. Nd2 Bf5 19. Nb3 Bxd3 20. Rad1 Be4 21. Bc5
f5 22. Bxd6 Qxd6 23. Qe2 Qb6 24. Nd4 f4 25. f3 Bg6 26. Qe6 Qc5 27. g4 b4 28.
Qe7 Qxe7 29. Rxe7 bxc3 30. bxc3 Rac8 31. Ne2 Be8 32. Kf2 Bb5 33. Rxd5 Bxe2 34.
Kxe2 Rxc3 35. h4 Ra3 36. Rd2 {(=)} 1/2-1/2

[Event "BL 0405 Hamburger SK - SC Kreuzberg"]
[Site "?"]
[Date "2005.04.09"]
[Round "14.4"]
[White "Wahls, Matthias"]
[Black "Maiwald, Jens-Uwe"]
[Result "1-0"]
[WhiteElo "2551"]
[BlackElo "2514"]
[PlyCount "43"]
[EventDate "2005.??.??"]

1. c4 e5 2. g3 Nf6 3. Bg2 c6 4. d4 d6 5. Nc3 Be7 6. e4 O-O 7. Nge2 Nbd7 8. O-O
Re8 9. h3 exd4 10. Nxd4 Bf8 11. Qc2 Ne5 12. b3 Ng6 13. Be3 Bd7 14. Rad1 Qc8 15.
Kh2 Re5 16. Bc1 Rh5 17. h4 d5 18. cxd5 Bd6 19. Kg1 Qc7 20. dxc6 bxc6 21. Nf5
Be5 22. Bg5 1-0

[Event "BL 0405 Hamburger SK - SC Kreuzberg"]
[Site "?"]
[Date "2005.04.09"]
[Round "14.5"]
[White "Kalinitschew, Sergey"]
[Black "Bezold, Michael"]
[Result "1/2-1/2"]
[WhiteElo "2533"]
[BlackElo "2532"]
[PlyCount "48"]
[EventDate "2005.??.??"]

1. Nf3 c5 2. c4 Nf6 3. Nc3 e6 4. e3 g6 5. d4 Bg7 6. Be2 O-O 7. O-O b6 8. d5
exd5 9. cxd5 d6 10. e4 Bg4 11. Re1 Nfd7 12. Bg5 Bf6 13. Be3 Re8 14. h3 Bxf3 15.
Bxf3 Na6 16. Qd2 Nc7 17. Be2 b5 18. Nxb5 Nxb5 19. Bxb5 Rxe4 20. Rab1 Rb4 21.
Bc6 Rab8 22. b3 Ne5 23. Rbd1 Qc7 24. Ba4 c4 1/2-1/2

[Event "BL 0405 Hamburger SK - SC Kreuzberg"]
[Site "?"]
[Date "2005.04.09"]
[Round "14.6"]
[White "Reeh, Oliver"]
[Black "Volke, Karsten"]
[Result "0-1"]
[WhiteElo "2464"]
[BlackElo "2483"]
[PlyCount "166"]
[EventDate "2005.??.??"]

1. e4 e5 2. Nf3 Nc6 3. Bb5 Nf6 4. d3 d6 5. c3 g6 6. O-O Bg7 7. Re1 O-O 8. Nbd2
a6 9. Bxc6 bxc6 10. d4 exd4 11. cxd4 Re8 12. Qc2 Bd7 13. Nf1 Qb8 14. Ng3 a5 15.
h3 a4 16. Bd2 Qb5 17. Bc3 Re7 18. Re3 Rae8 19. Rae1 Be6 20. Qb1 Qc4 21. b3 axb3
22. d5 cxd5 23. axb3 Qb5 24. Qb2 d4 25. Nxd4 Qc5 26. b4 Qc4 27. Ndf5 Bxf5 28.
Bxf6 Bxf6 29. Qxf6 Bc8 30. Nh5 gxh5 31. Qg5+ Kh8 32. Qf6+ Kg8 33. Rg3+ Bg4 34.
Qg5+ Kh8 35. Qf6+ Kg8 36. hxg4 h4 37. Qg5+ Kf8 38. Qh6+ Kg8 39. Qg5+ Kf8 40.
Qxh4 Rxe4 41. Rxe4 Qxe4 42. Rf3 Re7 43. Qh6+ Ke8 44. Rf4 Qg6 45. Qh3 Re1+ 46.
Kh2 Re4 47. Rxe4+ {(=)} Qxe4 48. f3 Qf4+ 49. Kg1 h6 50. g5 Qc1+ 51. Kh2 hxg5
52. Qc8+ Ke7 53. b5 Qf4+ 54. g3 Qc1 55. Kh3 Qc5 56. Kg4 Qc4+ 57. Kxg5 Qxb5+ 58.
Kh4 Qd7 59. Qa6 Qf5 60. f4 Kf6 61. Qc4 Qc5 62. Qe4 Qg1 63. Qe8 Qh1+ 64. Kg4
Qd1+ 65. Kh4 Qc2 66. Qd8+ Kg7 67. f5 Qxf5 68. Qxc7 d5 69. g4 Qf2+ 70. Kh3 Qe3+
71. Kg2 d4 72. Qd8 d3 73. g5 d2 74. Qf6+ Kg8 75. g6 Qe2+ 76. Kg3 Qd3+ 77. Kh2
Qxg6 78. Qd8+ Kh7 79. Qxd2 Qh6+ 80. Qxh6+ Kxh6 81. Kg3 Kg5 82. Kf3 Kf5 83. Ke3
Kg4 0-1

[Event "BL 0405 Hamburger SK - SC Kreuzberg"]
[Site "?"]
[Date "2005.04.09"]
[Round "14.7"]
[White "Tischbierek, Raj"]
[Black "Heinemann, Thies"]
[Result "0-1"]
[WhiteElo "2477"]
[BlackElo "2453"]
[PlyCount "130"]
[EventDate "2005.??.??"]

1. d4 Nf6 2. g3 e6 3. c4 Bb4+ 4. Bd2 Qe7 5. Bg2 O-O 6. Nc3 c5 7. dxc5 Bxc5 8.
Nf3 Nc6 9. O-O b6 10. Bg5 h6 11. Bh4 Qd8 12. Qd2 Be7 13. Rfd1 a6 14. Nd5 exd5
15. cxd5 Nxd5 16. Qxd5 g5 17. Ne5 Nxe5 18. Qxa8 gxh4 19. gxh4 Bxh4 20. Rd6 Ng4
21. Rf1 Qe7 22. Qd5 Qxe2 23. Qf5 Bxf2+ 24. Rxf2 Qxf2+ 25. Qxf2 Nxf2 26. Kxf2 b5
27. Rxh6 f6 28. Rh5 d6 29. Be4 Re8 30. Kf3 Bg4+ 31. Kxg4 Rxe4+ 32. Kf3 Re5 33.
Rh4 a5 34. a4 Kf7 35. Rh7+ Ke6 36. b3 Rc5 37. Ra7 Rc3+ 38. Kg2 Rxb3 39. Rxa5 b4
40. Rb5 Rb2+ 41. Kg3 d5 42. h4 b3 43. h5 Rb1 44. a5 b2 45. Kf2 d4 46. a6 d3 47.
a7 Ra1 48. Rxb2 Rxa7 49. Kf3 Kd5 50. Ke3 Kc4 51. Rb6 Re7+ 52. Kd2 Re2+ 53. Kd1
f5 54. Rf6 Rf2 55. Ke1 d2+ 56. Kd1 Kd3 57. Rd6+ Ke3 58. Re6+ Kf4 59. Rd6 Rh2
60. h6 Ke3 61. Re6+ Kf3 62. h7 Rxh7 63. Kxd2 f4 64. Ke1 Rh1+ 65. Kd2 Kf2 0-1

[Event "BL 0405 Hamburger SK - SC Kreuzberg"]
[Site "?"]
[Date "2005.04.09"]
[Round "14.8"]
[White "Sebastian, Dirk"]
[Black "Lau, Ralf"]
[Result "0-1"]
[WhiteElo "2371"]
[BlackElo "2481"]
[PlyCount "86"]
[EventDate "2005.??.??"]

1. e4 g6 2. d4 Bg7 3. Nc3 d6 4. g3 Nc6 5. d5 Ne5 6. f4 Nd7 7. Bg2 c6 8. Be3
cxd5 9. exd5 Ngf6 10. Nge2 Nc5 11. h3 Bd7 12. O-O h5 13. Nd4 Qc8 14. f5 gxf5
15. Qf3 Nce4 16. Nxf5 Bxf5 17. Qxf5 Nxg3 18. Qxc8+ Rxc8 19. Rf3 Nfe4 20. Nxe4
Nxe4 21. c3 a6 22. Raf1 Be5 23. Rxf7 Nf6 24. Rg7 Nxd5 25. Bxd5 Bxg7 26. Bxb7
Rb8 27. Bc6+ Kd8 28. Rf2 Kc7 29. Bd5 Rb5 30. Rd2 Bh6 31. Bxh6 Rxh6 32. a4 Rc5
33. Rd3 e6 34. Bf3 Rf6 35. b4 Rg5+ 36. Kf2 h4 37. Ke2 Rg3 38. Bg4 Rxd3 39. Kxd3
d5 40. Ke3 e5 41. a5 Rc6 42. Kd2 Kd6 43. Be2 e4 0-1

[Event "BL 0405 Preetzer TSV - SFR Neukölln"]
[Site "?"]
[Date "2005.04.09"]
[Round "14.1"]
[White "Brynell, Stellan"]
[Black "Pedersen, Steffen"]
[Result "1/2-1/2"]
[WhiteElo "2473"]
[BlackElo "2441"]
[PlyCount "67"]
[EventDate "2005.??.??"]

1. d4 d5 2. c4 c6 3. Nc3 Nf6 4. e3 a6 5. Nf3 Bf5 6. Bd3 Bxd3 7. Qxd3 e6 8. O-O
Be7 9. e4 b5 10. cxd5 cxd5 11. exd5 Nxd5 12. a4 bxa4 13. Rxa4 O-O 14. Bd2 Ra7
15. Nxd5 exd5 16. Rfa1 Rb7 17. Bc3 Qc8 18. h3 Rb6 19. Ra5 Qb7 20. Ne5 Bb4 21.
R5a4 Bxc3 22. bxc3 Rc8 23. c4 Rb3 {(=)} 24. Qf5 g6 25. Qf6 Rb6 26. Qf4 dxc4 27.
Rxc4 Rxc4 28. Nxc4 Rb1+ 29. Rxb1 Qxb1+ 30. Kh2 Nd7 31. d5 Qb5 32. Qc7 Qxd5 33.
Qc8+ Kg7 34. Qxa6 1/2-1/2

[Event "BL 0405 Preetzer TSV - SFR Neukölln"]
[Site "?"]
[Date "2005.04.09"]
[Round "14.2"]
[White "Skytte, Rasmus"]
[Black "Polzin, Rainer"]
[Result "1/2-1/2"]
[WhiteElo "2392"]
[BlackElo "2517"]
[PlyCount "67"]
[EventDate "2005.??.??"]

1. e4 c5 2. c3 Nf6 3. e5 Nd5 4. d4 cxd4 5. Nf3 Nc6 6. Bc4 Nb6 7. Bb3 d5 8. exd6
Qxd6 9. O-O Bf5 10. Nxd4 Nxd4 11. cxd4 e6 12. Nc3 Be7 13. Qf3 O-O 14. d5 Rac8
15. dxe6 Bxe6 16. Qxb7 Bxb3 17. axb3 Qe6 18. Be3 Bf6 19. Qxa7 Nd5 20. Ra6 Qf5
21. Ra5 Bxc3 22. bxc3 Qd3 23. c4 Nc3 24. Raa1 Ne2+ 25. Kh1 Qxb3 26. c5 Nc3 27.
Rfc1 Nd5 28. c6 Nxe3 29. fxe3 Rfe8 30. Ra3 Rxc6 31. Rf1 Qe6 32. Qd4 Rc4 33. Qd2
Re4 34. Rf3 1/2-1/2

[Event "BL 0405 Preetzer TSV - SFR Neukölln"]
[Site "?"]
[Date "2005.04.09"]
[Round "14.3"]
[White "Borriss, Martin Dr"]
[Black "Wisnewski, Christoph"]
[Result "1/2-1/2"]
[WhiteElo "2439"]
[BlackElo "2392"]
[PlyCount "84"]
[EventDate "2005.??.??"]

1. e4 e5 2. Nf3 Nc6 3. Bb5 Nd4 4. Nxd4 exd4 5. O-O c6 6. Ba4 Nf6 7. d3 d5 8. e5
Ng8 9. Nd2 Bc5 10. c3 Ne7 11. Nb3 Qb6 12. Bd2 Bf5 13. c4 a5 14. cxd5 Nxd5 15.
Qf3 Be6 16. Nxc5 Qxc5 17. Qg3 h5 18. Rac1 Qb6 19. Bg5 Kd7 20. Rfe1 Qb4 21. Bb3
Nc7 22. Qf3 Raf8 23. Bxe6+ Nxe6 24. h4 Qb5 25. b3 Qd5 26. Qe2 Ra8 27. Rc4 b5
28. Rc2 g6 29. Rec1 Ra6 30. a4 Rb8 31. Bd2 Qxb3 32. Qf3 Nd8 33. Bg5 Qe6 34.
axb5 Rxb5 35. Bxd8 Kxd8 36. Rxc6 Rxc6 37. Rxc6 Qxe5 38. g3 Ke7 39. Ra6 Qf5 40.
Ra7+ Kf8 41. Qxf5 gxf5 42. Kg2 Rd5 1/2-1/2

[Event "BL 0405 Preetzer TSV - SFR Neukölln"]
[Site "?"]
[Date "2005.04.09"]
[Round "14.4"]
[White "Junge, Kai"]
[Black "Berndt, Stephan"]
[Result "1/2-1/2"]
[WhiteElo "2259"]
[BlackElo "2438"]
[PlyCount "32"]
[EventDate "2005.??.??"]

1. Nf3 Nf6 2. g3 b6 3. Bg2 Bb7 4. O-O e6 5. d3 d5 6. Nbd2 Be7 7. e4 dxe4 8.
dxe4 O-O 9. e5 Nfd7 10. Re1 Nc5 11. Qe2 a5 12. Nc4 Nc6 13. Bf4 Nb4 14. Rad1 Qe8
15. a3 Nd5 16. Bc1 b5 1/2-1/2

[Event "BL 0405 Preetzer TSV - SFR Neukölln"]
[Site "?"]
[Date "2005.04.09"]
[Round "14.5"]
[White "Thiede, Lars"]
[Black "Willsch, Matthias"]
[Result "1-0"]
[WhiteElo "2442"]
[BlackElo "2250"]
[PlyCount "41"]
[EventDate "2005.??.??"]

1. c4 e6 2. Nf3 d5 3. b3 Nf6 4. g3 b6 5. Bg2 Bb7 6. O-O c5 7. cxd5 exd5 8. d4
Be7 9. Nc3 O-O 10. Bb2 Nc6 11. Rc1 Re8 12. dxc5 bxc5 13. Na4 Ne4 14. Nd2 Nb4
15. Nxe4 dxe4 16. Nxc5 Bxc5 17. Rxc5 Qxd1 18. Rxd1 Na6 19. Rg5 g6 20. Rb5 Bc8
21. Bxe4 1-0

[Event "BL 0405 Preetzer TSV - SFR Neukölln"]
[Site "?"]
[Date "2005.04.09"]
[Round "14.6"]
[White "Marxen, Peter Dr"]
[Black "Poldauf, Dirk"]
[Result "1/2-1/2"]
[WhiteElo "2212"]
[BlackElo "2418"]
[PlyCount "92"]
[EventDate "2005.??.??"]

1. e4 e6 2. d4 d5 3. Nd2 Nf6 4. e5 Nfd7 5. Bd3 c5 6. c3 Nc6 7. Ne2 cxd4 8. cxd4
f6 9. exf6 Nxf6 10. Nf3 Bd6 11. O-O Qc7 12. Bg5 O-O 13. Bh4 Bd7 14. Bg3 Be8 15.
Rc1 Bh5 16. Ne5 Bxe5 17. dxe5 Ne4 18. Bxe4 dxe4 19. Qc2 e3 20. Nd4 exf2+ 21.
Rxf2 Rxf2 22. Qxf2 Qa5 23. Nxc6 bxc6 24. a3 Rd8 25. Qe3 Bg6 26. Bf2 Rd7 27. Be1
Qa4 28. Bc3 h6 29. Qf2 Kh7 30. Re1 Qc4 31. Qe2 Bd3 32. Qf2 c5 33. Qe3 Bf5 34.
Qe2 Rd3 35. Qf2 Rd7 36. Qe2 Qd5 37. Qf2 c4 38. Qg3 Bd3 39. Qe3 a6 40. Qf2 Bf5
41. Qe3 Qc6 42. Qf4 Rd3 43. Qh4 a5 44. Qf2 a4 45. Re3 Qd5 46. h3 Rd1+ 1/2-1/2

[Event "BL 0405 Preetzer TSV - SFR Neukölln"]
[Site "?"]
[Date "2005.04.09"]
[Round "14.7"]
[White "Rudolf, Henrik"]
[Black "Richert, Thomas"]
[Result "0-1"]
[WhiteElo "2322"]
[BlackElo "2206"]
[PlyCount "94"]
[EventDate "2005.??.??"]

1. e4 c5 2. Nf3 d6 3. d4 cxd4 4. Nxd4 Nf6 5. Nc3 a6 6. Bg5 e6 7. f4 Be7 8. Qf3
Qc7 9. O-O-O Nbd7 10. g4 b5 11. Bxf6 Bxf6 12. g5 Be7 13. f5 Nc5 14. f6 gxf6 15.
gxf6 Bf8 16. Rg1 h5 17. a3 Rb8 18. Bh3 b4 19. axb4 Rxb4 20. Rg7 Qb7 21. b3 a5
22. Qe3 Bd7 23. Rdg1 Bxg7 24. fxg7 Rg8 25. e5 Rxd4 26. Qxd4 Qb4 27. Qe3 a4 28.
bxa4 Qa3+ 29. Kd2 Nxa4 30. Ne4 Qb4+ 31. c3 Qb2+ 32. Ke1 Qb1+ 33. Kf2 Qb2+ 34.
Qe2 Qb4 35. Qe3 Qb2+ 36. Ke1 Qb1+ 37. Ke2 Qb2+ 38. Qd2 Qb5+ 39. Kf2 Qxe5 40.
Qxd6 Qxe4 41. Rg3 Qc6 42. Qb8+ Qc8 43. Qf4 Qc5+ 44. Kf1 Nxc3 45. Qb8+ Bc8 46.
Ke1 Ne4 47. Rg2 Rxg7 0-1

[Event "BL 0405 Solinger SG - Erfurter SK"]
[Site "?"]
[Date "2005.04.09"]
[Round "14.2"]
[White "Stellwagen, Daniel"]
[Black "Votava, Jan"]
[Result "1-0"]
[WhiteElo "2512"]
[BlackElo "2505"]
[PlyCount "73"]
[EventDate "2005.??.??"]

1. e4 c5 2. Nf3 e6 3. b3 d6 4. Bb2 Nc6 5. d4 cxd4 6. Nxd4 Nf6 7. Bd3 Be7 8. O-O
O-O 9. Nd2 Ne5 10. f4 Nxd3 11. cxd3 e5 12. Nc2 exf4 13. Rxf4 Qa5 14. Ne3 Qg5
15. Rf3 Be6 16. Rg3 Qh6 17. Qe2 Rac8 18. Rf1 Rfe8 19. Qf2 Kh8 20. Ndc4 Nh5 21.
Rf3 b5 22. Na3 a6 23. Nac2 Bg5 24. Nd4 Bxe3 25. Rxe3 Bd7 26. Rf3 f6 27. h3 Qg6
28. g4 Bxg4 29. hxg4 Qxg4+ 30. Qg2 Qd7 31. Rh3 g6 32. Nf5 Rf8 33. Ne3 Qe6 34.
Kh2 Rc5 35. Nd5 Qc8 36. Rf2 Qe6 37. Rxh5 1-0

[Event "BL 0405 Solinger SG - Erfurter SK"]
[Site "?"]
[Date "2005.04.09"]
[Round "14.3"]
[White "Machelett, Heiko"]
[Black "Gabriel, Christian"]
[Result "1/2-1/2"]
[WhiteElo "2401"]
[BlackElo "2556"]
[PlyCount "43"]
[EventDate "2005.??.??"]

1. d4 d5 2. Nf3 Nf6 3. c4 c6 4. e3 Bf5 5. Nc3 e6 6. Nh4 Bg4 7. Qb3 Qb6 8. h3
Bh5 9. g4 Bg6 10. Nxg6 hxg6 11. Bg2 Qxb3 12. axb3 Na6 13. O-O Nc7 14. g5 Nh5
15. e4 dxe4 16. Nxe4 a6 17. Be3 O-O-O 18. Rad1 Be7 19. Nc3 Bd6 20. Ne4 Be7 21.
Nc3 Bd6 22. Ne4 1/2-1/2

[Event "BL 0405 Solinger SG - Erfurter SK"]
[Site "?"]
[Date "2005.04.09"]
[Round "14.4"]
[White "Naumann, Alexander"]
[Black "Casper, Thomas"]
[Result "1/2-1/2"]
[WhiteElo "2538"]
[BlackElo "2412"]
[PlyCount "45"]
[EventDate "2005.??.??"]

1. e4 e6 2. d4 d5 3. Nd2 c5 4. exd5 exd5 5. Ngf3 Nc6 6. Bb5 Bd6 7. dxc5 Bxc5 8.
O-O Nge7 9. Nb3 Bb6 10. Re1 O-O 11. Bg5 h6 12. Bh4 f6 13. c4 dxc4 14. Bxc4+ Kh8
15. Qe2 Bg4 16. Rad1 Qc8 17. Qe4 Bf5 18. Qe2 Bg4 19. Be6 Bxe6 20. Qxe6 Qxe6 21.
Rxe6 Rad8 22. Rde1 Nf5 23. Bg3 1/2-1/2